000 01553nam a22003857a 4500
003 CHAP
005 20220329141118.0
008 971010s1989 r 00010 d
010 _a62759
011 _a63731
035 _a67908
040 _cCHAP
082 _a632
_bM42
100 0 0 _aMendoza Zamora, Cecilio.
_974770
245 _aResistencia bioquímica de las plantas a hongos y bacterias
260 _aChapingo, Méx. :
_bUACH. Departamento de Parasitología Agrícola,
_c1989
300 _a80 h.
_b: ilus.
590 _aBATCH-UPD
_b10
_c20130110
_lUCH01
_h2009
590 _aBATCH-UPD
_b10
_c20130410
_lUCH01
_h1328
590 _aBATCH-UPD
_b10
_c20130914
_lUCH01
_h1414
590 _aCONVERSION
_b10
_c20130109
_lUCH01
_h1334
650 1 4 _aFitopatología.
_941161
650 1 4 _aPlantas
_xResistencia a enfermedades.
_988882
901 _aBK
942 _cLIBRO
949 _a632 M42
_bBC
_cLIBRO
_d33724000084257
_eLIBRO
_fc.6
_h87840
_i67908
_mD
_si
949 _a632 M42
_bBC
_cLIBRO
_d33724000084273
_eLIBRO
_fc.5
_h87839
_i67908
_mD
_si
949 _a632 M42
_bBC
_cLIBRO
_d33724000174769
_eLIBRO
_fc.3
_h87049
_i67908
_mD
_si
949 _a632 M42
_bBC
_cLIBRO
_d33724000174777
_eLIBRO
_h76145
_i67908
_mD
_si
949 _a632 M42
_bBC
_cLIBRO
_d33724000174975
_eLIBRO
_fc.4
_h87050
_i67908
_mD
_si
949 _a632 M42
_bBC
_cUACH
_d-22618
_eUACH
_fc.2
_h76146
_i67908
_mD
_si
949 _a632 M42
_bPA
_cLIBRO
_d-2
_eLIBRO
_h16173
_i67908
_si
949 _a632 M42
_bPA
_cLIBRO
_d-22619
_eLIBRO
_fc.2
_h16174
_i67908
_si
949 _a632 M42
_bPA
_cLIBRO
_d-22620
_eLIBRO
_fc.3
_h16175
_i67908
_si
999 _c62759
_d62759